countries with the smallest tallest bulding. - Statistics

General Stats
  • This quiz has been taken 593 times
  • The average score is 16 of 20
Answer Stats
Hint Answer % Correct
21 m Nauru
94%
15m Marshall Islands
92%
25 m Palau
92%
34 m Samoa
92%
17 m Tuvalu
91%
21 m Solomon Islands
90%
26 m Saint Kitts and Nevis
89%
23 m Tonga
89%
22 m Vanuatu
88%
15m Micronesia
87%
16 m Kiribati
86%
30 m Saint Lucia
86%
21 m Antigua and Barbuda
79%
23 m Grenada
79%
30 m Seychelles
78%
26 m Dominica
75%
36 m Comoros
74%
21 m São Tomé and Príncipe
74%
32 m Burundi
26%
39 m Eritrea
17%
No matching quizzes found
Score Distribution
Percent of People with Each Score
Percentile by Number Answered
Your Score History
You have not taken this quiz